书目信息 |
| 题名: |
煤炭能源工业生态学
|
|
| 作者: | 王灵梅 | |
| 分册: | ||
| 出版信息: | 北京 化学工业出版社 2006 |
|
| 页数: | 213 | |
| 开本: | 19cm | |
| 丛书名: | ||
| 单 册: | ||
| 中图分类: | F42 | |
| 科图分类: | ||
| 主题词: | 工业经济--中国 | |
| 电子资源: | ||
| ISBN: | 7-5025-8721-7 | |
| 000 | 00520nam0 2200181 450 | |
| 001 | 0736775523 | |
| 005 | 20070929101255.51 | |
| 010 | @a7-5025-8721-7@d¥22.00 | |
| 100 | @a20070929d km y0chiy0120 ea | |
| 101 | 0 | @achi |
| 200 | 1 | @a煤炭能源工业生态学@Amei tan neng yuan gong ye sheng tai xue@f王灵梅@Fwang ling mei |
| 210 | @a北京@c化学工业出版社@d2006 | |
| 215 | @a213@d19cm | |
| 606 | 0 | @a工业经济@x中国 |
| 690 | @aF42@v3 | |
| 701 | 0 | @a王灵梅@Awang ling mei |
| 801 | 0 | @aCN@bPFT@c20070929 |
| 905 | @a213230@dF42@en1@f1 | |
| 煤炭能源工业生态学/王灵梅.-北京:化学工业出版社,2006 |
| 213;19cm |
| ISBN 7-5025-8721-7:¥22.00 |
| ● |
| 相关链接 |
|
|
|
|
正题名:煤炭能源工业生态学
索取号:F42/n1
 
预约/预借
| 序号 | 登录号 | 条形码 | 馆藏地/架位号 | 状态 | 备注 |
| 1 | 6604547 | 266045479 | 密集书库-生命科学系/ [索取号:F42/n1] | 在馆 |